| 000 | 00515nam a22001697a 4500 | ||
|---|---|---|---|
| 999 |
_c41065 _d41065 |
||
| 003 | OSt | ||
| 005 | 20210304113256.0 | ||
| 008 | 210304b ||||| |||| 00| 0 eng d | ||
| 020 | _a9780521736428 | ||
| 040 | _coclc | ||
| 082 |
_a428.24 _bCUL/C |
||
| 100 |
_98509 _aCullen, Pauline |
||
| 245 |
_aCambridge Vocabulary For IELTS With Answers / _cPauline Cullen |
||
| 260 |
_aNew Delhi: _bCambridge University Press, _c2018. |
||
| 300 | _a174p | ||
| 942 |
_2ddc _cBK _h428.24 _iCUL/C _k428.24 _mCUL/C |
||